| 000 | 00411nam a2200181Ia 4500 | ||
|---|---|---|---|
| 005 | 20250603144715.0 | ||
| 008 | 250603s9999 xx 000 0 und d | ||
| 020 | _a0452287081 | ||
| 050 | _aUB 271.U52 .P47/ | ||
| 100 | _aPerkins, John | ||
| 245 | 0 | _aConfessions of an economic hitman | |
| 260 | _aNew York | ||
| 260 | _bPlume | ||
| 260 | _c2004 | ||
| 300 | _a303 p | ||
| 650 | _aNew York | ||
| 942 | _cBK | ||
| 999 |
_c39716 _d39716 |
||